Регионална библиотека "Любен Каравелов" - Русе

Априловски свод (Запис номер 86701)

MARC детайли
000 -Лидер
Контролно поле с фиксирана дължина 03033nam a2200577 c 4500
003 - Код на организацията, давaща контролен номер
Контролно поле BLK
005 - Дата и час на последна редакция
Контролно поле 20240319131850.0
008 - Елементи от данни с фиксирана дължина
fixed length control field 180408b bul|||||r ||||||| ||bul||
010 ## - Наследен системен номер
LC control number KNG00091328000
020 ## - Международен стандартен номер на книга ISBN
Международен стандартен номер на книга ISBN 978-954-8104-21-0
-- издат.: Научноинформ. център Бълг. енциклопедия
040 ## - Източник на каталожния запис
Идентификатор на билиотеката - собственик на записа BLK
041 ## - Код за език
Код за езика на текст/звукозапис или на отделно заглавие Български
Код за езика КДБФ Български
080 ## - УДК
Текстов определител УДК Националноосвободителното движение в България (1856-1877)
УДК код - определител по УДК 94(497.2)"1856/1877"
УДК определител (092)(031)
УДК - код + определител 94(497.2)"1856/1877"(092)(031)
080 ## - УДК
Текстов определител УДК Организация на възпитанието и образованието. Училищно дело.
УДК код - определител по УДК 37.09
УДК определител (497.2)(091)(031)
УДК - код + определител 37.09(497.2)(091)(031)
080 ## - УДК
Текстов определител УДК Видове общообразователни училища
УДК код - определител по УДК 373
УДК определител (497.216.1)
УДК - код + определител 373(497.216.1)
080 ## - УДК
Текстов определител УДК Биографии
УДК код - определител по УДК 929
УДК определител (497.2)
УДК - код + определител 929(497.2)
139 ## - Редно поле
Редна дума Колева, Петрана
Авторски знак Колев - К 78
245 10 - Сведения за заглавието
Заглавие Априловски свод
Редно поле (дума) авт.-състав. Петрана Колева.
257 ## - Страна на издаване
Страна на създаване/издаване България
260 ## - Област на издателските данни
-- София
Име на издателя, разпространителя и проч. Научноинформ. център Бълг. енциклопедия
Година на издаване 2009
Печатница София : Ес принт
300 ## - Физическа характеристика
Страници 600 с.
Илюстрации и др. с 1 портр.
Размери/Мащаб 25 см
380 ## - Жанр
Жанр Общ отдел
500 ## - Общи забележки
Забележка Изд. на БАН. Научноинформ. център Бълг. енциклопедия. - Офс. изд. - Съдържа и Васил Евстатиев Априлов ; за авт. - Библиогр. с. 598-599.
600 #0 - Име на лице, използвано като предмет
За него / За нея Априлов, Васил Евстатиев
Свързани дати 1789 - 1847
Друга информация Просветен и книжовен деец
9 (RLIN) 367421
600 14 - Име на лице, използвано като предмет
За него / За нея Венелин, Юрий Иванович
9 (RLIN) 369644
650 #4 - Допълнително описание по предмет – тема
Основно описание – тема или топоним Образование и просвета - България - история
9 (RLIN) 244253
650 #4 - Допълнително описание по предмет – тема
Основно описание – тема или топоним Възраждане - България - дейци
9 (RLIN) 243707
650 #4 - Допълнително описание по предмет – тема
Основно описание – тема или топоним Училища - България - история
9 (RLIN) 244251
650 #4 - Допълнително описание по предмет – тема
Основно описание – тема или топоним Възраждане - България - справочници
9 (RLIN) 302361
650 #4 - Допълнително описание по предмет – тема
Основно описание – тема или топоним Априлов, Васил Евстатиев
9 (RLIN) 367421
650 #4 - Допълнително описание по предмет – тема
Основно описание – тема или топоним Възрожденци, български
9 (RLIN) 246435
650 #4 - Допълнително описание по предмет – тема
Основно описание – тема или топоним Общественици, български
9 (RLIN) 244901
651 #4 - Допълнително описание по предмет - топоним
Географско понятие България
9 (RLIN) 241624
653 ## - Ключова дума – ненормативна
Ключова дума образование
653 ## - Ключова дума – ненормативна
Ключова дума училища
653 ## - Ключова дума – ненормативна
Ключова дума Възраждане
653 ## - Ключова дума – ненормативна
Ключова дума история на образованието
653 ## - Ключова дума – ненормативна
Ключова дума Васил Априлов
653 ## - Ключова дума – ненормативна
Ключова дума Юрий Венелин
653 ## - Ключова дума – ненормативна
Ключова дума българска история
653 ## - Ключова дума – ненормативна
Ключова дума възрожденци
653 ## - Ключова дума – ненормативна
Ключова дума общественици
653 ## - Ключова дума – ненормативна
Ключова дума справочници
700 1# - Други автори (авторска отговорност)
Лично име Колева, Петрана
Автороска отговорност (Описва отношението между автора и произведението) авт.-състав.
9 (RLIN) 302360
852 ## - Местоположение
Форматна сигнатура Цб 245273
856 4# - Електронен адрес и достъп
Електронен формат pdf - файл
Път до файла /url/
856 4# - Електронен адрес и достъп
Електронен формат pdf - файл
Път до файла /url/
942 ## - АРТИКУЛИ
Вид на библиотечния материал Книги
Скрит в OPAC Не
944 ## - СЪЗДАВАНЕ И РЕДАКЦИЯ на ЗАПИСА
Създаване/Редакция Създаване
Дата на регистрацията/редакция 10.09.2009
Статус, дата на статуса Моника Янева
Служител, извършил регистрацията/редакцията 30570
944 ## - СЪЗДАВАНЕ И РЕДАКЦИЯ на ЗАПИСА
Създаване/Редакция Редакция
Дата на регистрацията/редакция 03.06.2016
Статус, дата на статуса ф /
Служител, извършил регистрацията/редакцията Людмила_Стоянова
999 ## - СИСТЕМНИ КОНТРОЛНИ НОМЕРА
Koha biblionumber 86701
Koha biblioitemnumber 86701
Наличности
Код за отписване Код за изгубен артикул Източник на класификационната схема Код за повреда Коз за рестрикции Код за отдаване Артикулен № Име на библиотеката - собственик Име на библиотеката, в която се намира в момента Статус (Текущо местоположение) Дата на вписване в системата Местоположение - отдел Цена в лева Инвентарен номер Систематично азбучна сигнатура Баркод Номер на екземпляра Цена в евро Служебна бележка Служебен тип на артикула
  Не е изгубен Universal Decimal Classification Не е повреден само за читалня ползва се в читалня 140308 Регионална библиотека "Любен Каравелов" Русе Регионална библиотека "Любен Каравелов" Русе СБИД 2009-09-10 СБИД 24.00 120000737984 С 94(497.2)/К 78 П 120000737984 1 12.27 Дост: Pk Вид: Ф N: 20635 Дата: 04.09.2009 Дата инв: 07.06.2017 Бележки инв: С2017 Книги
  Не е изгубен   Не е повреден без рестрикции ползва се в читалня 140309 Регионална библиотека "Любен Каравелов" Русе Регионална библиотека "Любен Каравелов" Русе Хранилище 2010-09-23 Хранилище 16.00 120000745875 Цб 245273 120000745875 2 8.18 Дост: Dp Вид: Д N: 4 Дата: 13.01.2010 Книги
  Не е изгубен Universal Decimal Classification Не е повреден без рестрикции ползва се в читалня 140310 Регионална библиотека "Любен Каравелов" Русе Регионална библиотека "Любен Каравелов" Русе Читалня - справочен фонд 2016-05-15 Читалня 24.00 120000800052 СЧ 949.72.04/К 78 120000800052 3 12.27 Дост: DA Вид: А N: 20 Дата: 15.05.2016 Дата инв: 28.03.2017 Бележки инв: СЧ2017 Книги
Vip Innovations Ltd, Rousse, Bulgaria 2025